000 00929cam a2200241 a 4500
001 000001672
005 20200929145645.0
008 701012s1968 nyu b 001 0 eng
040 _aDO-SdBNP
_bspa
_cBNPHU
082 _a973.08
_bS236a
100 1 _aDe Santis, Vincent P.
_d1877-1920
_95434
245 1 0 _aAmerica past and present :
_ban interpretation with readings /
_cVincent P. De Santis, J. Joseph Huthmacher, Benjamin W. Labaree.
260 _aBoston :
_bAllyn and Bacon.,
_c1968.
300 _a2 v. ;
_c21 cm.
500 _aLa biblioteca posee el volumen 2.
504 _aIncluye referencias bibliográficas al pie de las páginas.
505 0 _av. 1. To 1877.--v. 2. desde 1865
651 4 _aEstados Unidos
_xHistoria
_xColecciones
_95435
651 4 _aEstados Unidos
_xPolítica Y Gobierno
_95436
651 4 _aAmérica
_xHistoria
_9865
700 1 _aHuthmacher, J. Joseph
_95437
700 1 _aLabaree, Benjamin Woods
_95438
999 _c1553
_d1553